<?xml version="1.0" encoding="UTF-8"?>
<collection xmlns="http://www.loc.gov/MARC21/slim">
 <record>
  <leader>04116nam a2200349 a 4500</leader>
  <controlfield tag="001">kal5137</controlfield>
  <controlfield tag="003">Gr-AtHEAL</controlfield>
  <controlfield tag="005">20160421135759.0</controlfield>
  <controlfield tag="006">m        d        </controlfield>
  <controlfield tag="008">160413s2015    gr      s           gre|c</controlfield>
  <datafield tag="020" ind1=" " ind2=" ">
   <subfield code="a">9789606032059</subfield>
  </datafield>
  <datafield tag="040" ind1=" " ind2=" ">
   <subfield code="a">GR-AtHEAL</subfield>
   <subfield code="b">gre</subfield>
   <subfield code="c">GR-AtHEAL</subfield>
  </datafield>
  <datafield tag="082" ind1="0" ind2="4">
   <subfield code="a">571</subfield>
   <subfield code="2">23</subfield>
  </datafield>
  <datafield tag="100" ind1="1" ind2=" ">
   <subfield code="a">Ριζοπούλου, Σοφία.</subfield>
   <subfield code="8">944</subfield>
  </datafield>
  <datafield tag="245" ind1="1" ind2="0">
   <subfield code="a">Εργαστηριακές ασκήσεις φυσιολογίας φυτών</subfield>
   <subfield code="h">[Ηλεκτρονικός πόρος] </subfield>
   <subfield code="b">Εργαστηριακός οδηγός για τις λειτουργίες των φυτών</subfield>
   <subfield code="c">Ριζοπούλου, Σοφία ; κ.α. ; Κριτικός αναγνώστης,Δούση, Μαρία ; Γραφιστική επιμέλεια,Λιάππη, Ευαγγελία ; Τεχνική επιμέλεια,Λιάππη, Ευαγγελία ; Γλωσσική επιμέλεια,Φραγκάκη, Γεωργία.</subfield>
  </datafield>
  <datafield tag="260" ind1=" " ind2=" ">
   <subfield code="a">Αθήνα :</subfield>
   <subfield code="b">Σύνδεσμος Ελληνικών Ακαδημαϊκών Βιβλιοθηκών,</subfield>
   <subfield code="c">c2015.</subfield>
  </datafield>
  <datafield tag="490" ind1=" " ind2=" ">
   <subfield code="a">Ακαδημαϊκά Ηλεκτρονικά Συγγράμματα και Βοηθήματα Κάλλιπος</subfield>
   <subfield code="8">40</subfield>
  </datafield>
  <datafield tag="520" ind1=" " ind2=" ">
   <subfield code="a">Το βιβλίο αυτό καλύπτει όλα τα σύγχρονα ερευνητικά αντικείμενα της Φυσιολογίας Φυτών και βοηθά τους φοιτητές, να γνωρίσουν τις λειτουργίες των φυτών κι έτσι να καταλάβουν καλύτερα τα ακίνητα και σιωπηλά φυτά και να τα αγαπήσουν. Τα ΠΕΡΙΕΧΟΜΕΝΑ του βιβλίου [Ανόργανη θρέψη φυτών, Χρωστικές πλαστιδίων, Φωτοσύνθεση, Αναπνοή, Μεταβολισμός αζώτου, Υδατικές σχέσεις φυτικών ιστών, Διαπνοή, Φύτρωση και λήθαργος σπερμάτων, Φως και ανάπτυξη, κ.τ.λ] καλύπτουν όλες τις θεμελιώδεις γνώσεις του μαθήματος Φυσιολογία Φυτών [υποχρεωτικό μάθημα για το Τμήμα Βιολογίας ΕΚΠΑ] και ορισμένες καινοτομίες της σύγχρονης επιστήμης των φυτών. Επί πλέον στα δύο Παραρτήματα [ΚΕΦΑΛΑΙΑ 15, 16] παρουσιάζεται το συνολικό έργο που απαιτείται για την προετοιμασία των εργαστηριακών ασκήσεων [ΚΕΦΑΛΑΙΑ 1-14], των οποίων η παρακολούθηση είναι υποχρεωτική για τους φοιτητές του Τμήματος Βιολογίας του ΕΚΠΑ.</subfield>
  </datafield>
  <datafield tag="650" ind1=" " ind2="0">
   <subfield code="a">Plant physiology</subfield>
   <subfield code="8">2072</subfield>
  </datafield>
  <datafield tag="653" ind1=" " ind2=" ">
   <subfield code="a">Φυσιολογία φυτών</subfield>
  </datafield>
  <datafield tag="653" ind1=" " ind2=" ">
   <subfield code="a">Επιστήμες της ζωής</subfield>
   <subfield code="a">Λειτουργική και οργανισμικη βιολογία</subfield>
   <subfield code="a">Βοτανική/βιολογία φυτών</subfield>
   <subfield code="a">Μεταβολισμός φυτών</subfield>
  </datafield>
  <datafield tag="653" ind1=" " ind2=" ">
   <subfield code="a">Επιστήμες της ζωής</subfield>
   <subfield code="a">Λειτουργική και οργανισμικη βιολογία</subfield>
   <subfield code="a">Βοτανική/βιολογία φυτών</subfield>
   <subfield code="a">Φυσιολογία φυτών</subfield>
  </datafield>
  <datafield tag="700" ind1="1" ind2=" ">
   <subfield code="a">Ρούσσης, Ανδρέας</subfield>
   <subfield code="e">Συγγραφέας</subfield>
   <subfield code="8">951</subfield>
  </datafield>
  <datafield tag="700" ind1="1" ind2=" ">
   <subfield code="a">Μελετίου-Χρήστου, Μαρία-Σόνια</subfield>
   <subfield code="e">Συγγραφέας</subfield>
   <subfield code="8">952</subfield>
  </datafield>
  <datafield tag="700" ind1="1" ind2=" ">
   <subfield code="a">Θάνος, Κωνσταντίνος</subfield>
   <subfield code="e">Συγγραφέας</subfield>
   <subfield code="8">953</subfield>
  </datafield>
  <datafield tag="700" ind1="1" ind2=" ">
   <subfield code="a">Γεωργίου, Κυριάκος</subfield>
   <subfield code="e">Συγγραφέας</subfield>
   <subfield code="8">954</subfield>
  </datafield>
  <datafield tag="700" ind1="1" ind2=" ">
   <subfield code="a">Δούση, Μαρία</subfield>
   <subfield code="e">Κριτικός αναγνώστης</subfield>
   <subfield code="8">950</subfield>
  </datafield>
  <datafield tag="856" ind1="4" ind2="0">
   <subfield code="u">http://hdl.handle.net/11419/5137</subfield>
   <subfield code="z">Πλήρες Κείμενο - Full text</subfield>
  </datafield>
  <datafield tag="907" ind1=" " ind2=" ">
   <subfield code="a">.b25680535</subfield>
   <subfield code="b">12-06-18</subfield>
   <subfield code="c">29-07-16</subfield>
  </datafield>
  <datafield tag="949" ind1=" " ind2=" ">
   <subfield code="0">0</subfield>
   <subfield code="1">0</subfield>
   <subfield code="2">ddc</subfield>
   <subfield code="4">0</subfield>
   <subfield code="6">571_000000000000000_ΡΙΖ</subfield>
   <subfield code="7">0</subfield>
   <subfield code="8">KALL</subfield>
   <subfield code="8">812</subfield>
   <subfield code="d">2016-04-13</subfield>
   <subfield code="r">2016-04-13</subfield>
   <subfield code="w">2016-04-13</subfield>
   <subfield code="z">571 ΡΙΖ</subfield>
   <subfield code="o">SEAB KALLIPOS</subfield>
  </datafield>
  <datafield tag="998" ind1=" " ind2=" ">
   <subfield code="a">80</subfield>
   <subfield code="a">01</subfield>
   <subfield code="a">02</subfield>
   <subfield code="a">03</subfield>
   <subfield code="a">04</subfield>
   <subfield code="a">05</subfield>
   <subfield code="a">06</subfield>
   <subfield code="a">07</subfield>
   <subfield code="a">08</subfield>
   <subfield code="a">09</subfield>
   <subfield code="a">10</subfield>
   <subfield code="a">11</subfield>
   <subfield code="a">12</subfield>
   <subfield code="a">13</subfield>
   <subfield code="a">14</subfield>
   <subfield code="a">15</subfield>
   <subfield code="a">16</subfield>
   <subfield code="a">17</subfield>
   <subfield code="a">18</subfield>
   <subfield code="a">19</subfield>
   <subfield code="a">20</subfield>
   <subfield code="a">21</subfield>
   <subfield code="a">22</subfield>
   <subfield code="a">23</subfield>
   <subfield code="a">24</subfield>
   <subfield code="a">25</subfield>
   <subfield code="a">26</subfield>
   <subfield code="b">16-05-17</subfield>
   <subfield code="c">m</subfield>
   <subfield code="d">z  </subfield>
   <subfield code="e">-</subfield>
   <subfield code="f">gre</subfield>
   <subfield code="g">gr </subfield>
   <subfield code="h">0</subfield>
  </datafield>
  <datafield tag="942" ind1=" " ind2=" ">
   <subfield code="2">ddc</subfield>
   <subfield code="c">KALLIPOS</subfield>
  </datafield>
 </record>
</collection>
